Forex ziskové intradenní a swingové obchodní strategie : jak na technickou a fundamentální analýzu pro úspěch na finančních trzích

Gespeichert in:
Bibliographische Detailangaben
1. Verfasser: Lien, Kathy
Format: Buch
Sprache:Tschechisch
Veröffentlicht: Praha FXstreet 2013
Ausgabe:2. rozš. vyd.
Schlagworte:
Tags: Tag hinzufügen
Keine Tags, Fügen Sie das erste Tag hinzu!

MARC

LEADER 00000nam a2200000 4500
001 0182361
005 20240313085821.4
020 |a 978-80-904418-2-8 
041 0 |a cze 
044 |a CZ 
245 1 0 |a Forex  |b ziskové intradenní a swingové obchodní strategie : jak na technickou a fundamentální analýzu pro úspěch na finančních trzích  |c Kathy Lien 
250 |a 2. rozš. vyd. 
264 1 |a Praha  |b FXstreet  |c 2013 
300 |a 263 s. 
610 2 0 |a trh devízový 
610 2 0 |a trh menový 
610 2 0 |a trh burzový 
610 2 0 |a trh peňažný 
610 2 0 |a trh peňažný medzinárodný 
610 2 0 |a FOREX 
100 1 |a Lien, Kathy